Normal view
MARC view
- Corporate Governance and Structure
Entry Topical Term
001 - CONTROL NUMBER
- control field: 2875
003 - CONTROL NUMBER IDENTIFIER
- control field: JO-AjAnu
005 - DATE AND TIME OF LATEST TRANSACTION
- control field: 20230606070756.0
008 - FIXED-LENGTH DATA ELEMENTS
- fixed length control field: 230606|| aca||aabn | a|a d
040 ## - CATALOGING SOURCE
- Original cataloging agency: JO-AjAnu
- Transcribing agency: JO-AjAnu
150 ## - HEADING--TOPICAL TERM
- Topical term or geographic name entry element: Corporate Governance and Structure
670 ## - SOURCE DATA FOUND
- Source citation: Work cat.: (JO-AjAnu)1506: Sigler,Anderw C/Ira M.Millstein/G. Wallace Bates, author 2874, Statement of the Business Roundtable on the American Law Institute's Proposed "Principles of Corporate Governance and Structure:Restatement and Recommendations"